000
00319nam a2200121Ia 4500
008
231120s2017 xx 000 0 und d
041
_a
eng
082
_a
751.42
100
_a
FRASER SCARFE
245
_a
HOW TO PAINT ATOMOSPHERIC LANDSCAPES IN ACRYLICS
260
_a
SEARCH PRESS
_b
SEARCH PRESS
_c
2017
300
_a
H-192
999
_c
933803
_d
933803